Ciudad, territorio y patrimonio : materiales de investigación /

שמור ב:
מידע ביבליוגרפי
מחבר ראשי: Alvarez Mora, Alfonso (coord.)
מחברים אחרים: Valverde Díaz de León, Francisco (coordinación) (coordinación)
פורמט: ספר
שפה:ספרדית
יצא לאור: Puebla, México : Valladolid, España : Aguascalientes, México : Universidad Iberoamericana, Plantel Golfo-Centro ; Instituto Universitario de Urbanística ; Universidad Autónoma de Aguascalientes, 2008, c2008
סדרה:(Lupus Inquisitor)
נושאים:
תגים: הוספת תג
אין תגיות, היה/י הראשונ/ה לתייג את הרשומה!

MARC

LEADER 00000nam^a2200000^a^4500
001 000287570
005 20250521000000.0
009 20260526134820.467
020 |a 978-970-9720-38-9 
037 |a Acervo ITESO - Biblioteca 
041 |a ESP 
082 |a 711. 4  |b ALV V. 3 
100 |a Alvarez Mora, Alfonso  |e (coord.) 
240 1 1 |a [Ciudad, territorio y patrimonio: materiales de investigación] 
245 1 0 |a Ciudad, territorio y patrimonio :  |b materiales de investigación /  |c Coord. de A. Alvarez Mora, F. Valverde Díaz de León. 
264 4 |a Puebla, México :  |b Universidad Iberoamericana, Plantel Golfo-Centro ;  |a Valladolid, España :  |b Instituto Universitario de Urbanística ;  |a Aguascalientes, México :  |b Universidad Autónoma de Aguascalientes,  |c 2008, c2008 
300 |a 228 p. 
336 |a texto  |b txt  |2 rdacontenido 
337 |a sin mediación  |b n  |2 rdamedio 
338 |a volumen  |b nc  |2 rdasoporte 
440 1 |a (Lupus Inquisitor) 
649 |a XX 
650 |a Zonas Urbanas 
650 |a Centros Históricos -  |z Puebla (Ciudad) 
650 |a Centros Históricos -  |x Teoría 
650 |a Barrios -  |z México (Ciudad) 
650 |a Valoración Patrimonial e Histórica -  |z Puebla (Ciudad) 
650 |a Valoración Patrimonial e Histórica -  |z México (Ciudad) 
650 |a Patrimonio Histórico -  |z Puebla (Ciudad) 
650 |a Patrimonio Artístico -  |z Puebla (Ciudad) 
650 |a Espacio Urbano -  |z Puebla (Ciudad) 
650 |a Planeación Urbana -  |z Puebla (Ciudad) -  |x Tema Principal 
650 |a Diseño Urbano -  |z Puebla (Ciudad) 
650 |a Desarrollo Urbano -  |z Puebla (Ciudad) -  |x Tema Principal 
650 |a Desarrollo Urbano -  |z Aguascalientes (Ciudad) 
650 |a Urbanismo -  |z Puebla (Ciudad) -  |x Historia 
700 |a Valverde Díaz de León, Francisco  |e (coordinación) 
910 |a Fondo General 
920 |a Impresos - Libros 
930 |a Colección General 
905 |a 101 
901 |a 0500174341  |b IT1  |c ACC  |i 000054  |u 20250521 
901 |a 0500174344  |b IT1  |c ACC  |u 20250521 
902 |a https://opac.biblio.iteso.mx/vufind/Record/000287570